| LEADER 00000nam 2200000uu 4500 |
| 001 205707 |
| 003 ULIBM |
| 008 101123s2553||||th 000 0 tha d |
| 020 978-974-244-307-8
|
| 060 0 วจ QU 145 ส691ร 2553.
|
| 110 1 ^aสำนักงานคณะกรรมการอาหารและยา กองควบคุมโรค.
|
| 245 00 ^aรายงานการวิจัย เรื่องการสำรวจสถานการณ์ การใช้ฉลากโภชนาการของประชาชนไทย พ.ศ.2552.
|
| 260 ^aกรุงเทพฯ : ^bองค์การสงเคราะห์ทหารผ่านศึก,^c2553.
|
| 300 ^aจำนวนหน้า 54 หน้า ;^bภาพประกอบ.
|
| 650 0 ^aการใช้ฉลากโภชนาการ - - ^xวิจัย.
|
| 650 0 ^aโภชนาการ.
|
| 710 1 ^aกองควบคุมอาหาร สำนักงานคณะกรรมการอาหารและยา.
|
| 999 ^aใช้งานได้ทุกระบบ
|